The march of folly : From Troy to Vietnam

Pulitzer Prize–winning historian Barbara W. Tuchman, author of the World War I masterpiece The Guns of August, grapples with her boldest subject: the pervasive presence, through the ages, of failure, mismanagement, and delusion in government.

Wedi'i Gadw mewn:
Manylion Llyfryddiaeth
Prif Awdur: Tuchman, Barbara W.
Fformat: Llyfr
Iaith:Undetermined
Cyhoeddwyd: London Orbit house 1984
Pynciau:
Tagiau: Ychwanegu Tag
Dim Tagiau, Byddwch y cyntaf i dagio'r cofnod hwn!
Thư viện lưu trữ: Trung tâm Học liệu Trường Đại học Cần Thơ
LEADER 00793nam a2200205Ia 4500
001 CTU_229127
008 210402s9999 xx 000 0 und d
082 |a 909.08 
082 |b T888 
100 |a Tuchman, Barbara W. 
245 4 |a The march of folly : 
245 0 |b From Troy to Vietnam 
245 0 |c Barbara W. Tuchman 
260 |a London 
260 |b Orbit house 
260 |c 1984 
520 |a Pulitzer Prize–winning historian Barbara W. Tuchman, author of the World War I masterpiece The Guns of August, grapples with her boldest subject: the pervasive presence, through the ages, of failure, mismanagement, and delusion in government. 
650 |a Lịch sử, hiện đại,History, modern 
910 |b dqhieu 
980 |a Trung tâm Học liệu Trường Đại học Cần Thơ